[Event "Beating the Summer HEAT."]
[Site "SchemingMind.com"]
[Date "2012.09.30"]
[Round "-"]
[White "Munny"]
[Black "Olli Ylönen"]
[Result "1-0"]
[WhiteCountry "GER"]
[BlackCountry "FIN"]
[WhiteElo "2238"]
[WhiteRD "78"]
[BlackElo "1906"]
[BlackRD "55"]
[GameID "318322"]

1. e4 c6 2. d4 d5 3. Nc3 dxe4 4. Nxe4 Bf5 5. Ng3 Bg6 6. Nf3 Nd7 7. h4 h6 8. h5 Bh7 9. Bd3 Bxd3 10. Qxd3 Ngf6
11. Bd2 e6 12. O-O-O Be7 13. Kb1 O-O 14. Ne4 c5 15. g4 Nxg4 16. Qe2 Qb6 17. Rdg1 f5 18. Nh2 Ngf6 19. Nxc5 Nxc5 20. dxc5 Bxc5
21. Bxh6 Rf7 22. Ka1 Ne4 23. Rg6 Bxf2= 24. Nf3 Re8 25. Bf4 Rf6 26. Rg2 e5 27. Bxe5 Rxe5 28. Nxe5 Bd4 29. Nd3 Nc3 30. Qe8+ Rf8
31. Qd7 Qa6 32. Nc1 Nb5 33. h6 Bxb2+ 34. Kb1 g6 35. Rhg1 Na3+ 36. Kxb2 Qf6+ 37. Kxa3 Qa6+ 38. Kb2
1-0

[Event "Beating the Summer HEAT."]
[Site "SchemingMind.com"]
[Date "2012.10.01"]
[Round "-"]
[White "Olli Ylönen"]
[Black "Munny"]
[Result "0-1"]
[WhiteCountry "FIN"]
[BlackCountry "GER"]
[WhiteElo "1906"]
[WhiteRD "55"]
[BlackElo "2238"]
[BlackRD "78"]
[GameID "318325"]

1. d4 Nf6 2. c4 g6 3. Nc3 Bg7 4. e4 d6 5. Nf3 O-O 6. Be2 e5 7. O-O Nc6 8. d5 Ne7 9. Ne1 Nd7 10. Be3 f5
11. f3 f4 12. Bf2 g5 13. Rc1 Ng6 14. c5 Nxc5 15. b4 Na6 16. Nb5 Bd7 17. Nxa7 Rf7 18. Bxa6 bxa6 19. Qc2 Be8 20. Qe2 h5
21. Qxa6 g4 22. Nc6 Bxc6 23. Qxc6 Rxa2 24. Qc4 Ra8 25. b5 Rb8 26. fxg4 hxg4 27. Rb1 Qg5 28. g3 Bf8 29. b6 cxb6 30. Rxb6 Rxb6
31. Bxb6 Rh7 32. Qa2 Qh5 33. Bf2 Qxh2#
0-1

[Event "Beating the Summer HEAT."]
[Site "SchemingMind.com"]
[Date "2012.10.08"]
[Round "-"]
[White "chesshub"]
[Black "docjan"]
[Result "1-0"]
[WhiteCountry "FRA"]
[BlackCountry "SWE"]
[WhiteElo "2477"]
[WhiteRD "72"]
[BlackElo "2243"]
[BlackRD "61"]
[GameID "318647"]

1. e4 e5 2. Nf3 Nc6 3. Bb5 a6 4. Ba4 Nf6 5. O-O Be7 6. Re1 b5 7. Bb3 O-O 8. c3 d6 9. h3 Bb7 10. d4 Na5
11. Bc2 Re8 12. Nbd2 exd4 13. cxd4 Bf8 14. b3 c5 15. Bb2 g6 16. e5 dxe5 17. dxe5 Nd5 18. Ne4 Rc8 19. Nfg5 c4 20. e6 fxe6
21. Nxh7 Bg7 22. Qg4 e5 23. Rad1 cxb3 24. Qxg6 Qb6 25. Nef6+ Nxf6 26. Nxf6+ Qxf6 27. Qh7+ Kf8 28. Ba3+ Re7 29. Rd7 Re8 30. Bg6 b4
31. Bxb4 Nc6 32. Bc5
1-0

[Event "Beating the Summer HEAT."]
[Site "SchemingMind.com"]
[Date "2012.10.07"]
[Round "-"]
[White "docjan"]
[Black "chesshub"]
[Result "1/2-1/2"]
[WhiteCountry "SWE"]
[BlackCountry "FRA"]
[WhiteElo "2243"]
[WhiteRD "61"]
[BlackElo "2477"]
[BlackRD "72"]
[GameID "318657"]

1. e4 c5 2. Nf3 e6 3. d4 cxd4 4. Nxd4 a6 5. Nc3 Qc7 6. Be2 b5 7. O-O Bb7 8. a3 Nf6 9. Qd3 d6 10. b4 Nbd7
11. Rd1 Be7 12. f4 O-O 13. Bf3 Nb6 14. a4 Rac8 15. Ra3 bxa4 16. Nxa4 Nxa4 17. Rxa4 Rfe8 18. Be3 e5 19. Nf5 Bf8 20. Nxd6 Bxd6
21. Qxd6 Qxc2 22. Raa1 Bxe4 23. Rac1 Qb3 24. Rxc8 Qxe3+ 25. Kh1 Bxf3 26. Rxe8+ Nxe8 27. Qd7 Kf8 28. Qh3 Bxg2+ 29. Qxg2 Qxf4 30. Qd5 g5
31. Re1 f6 32. Qc5+ Kf7 33. Qd5+ Kg6 34. Qd3+=
1/2-1/2

[Event "Beating the Summer HEAT."]
[Site "SchemingMind.com"]
[Date "2012.10.08"]
[Round "-"]
[White "John Galvin"]
[Black "Till Plewe"]
[Result "1-0"]
[WhiteCountry "USA"]
[BlackCountry "JPN"]
[WhiteElo "2320"]
[WhiteRD "74"]
[BlackElo "2357"]
[BlackRD "66"]
[GameID "318843"]

1. e4 e5 2. Nf3 Nc6 3. Bb5 a6 4. Ba4 Nf6 5. O-O Be7 6. Bxc6 dxc6 7. Qe2 Bg4 8. d3 Nd7 9. h3 Bh5 10. Nbd2 f6
11. Nc4 Nc5 12. Be3 Ne6 13. Rfd1 Qd7 14. c3 c5 15. Rd2 g5 16. Rc1 Rg8 17. g4 Nf4 18. Bxf4 gxf4 19. Kf1 O-O-O 20. d4 Bxg4
21. hxg4 Qxg4 22. Ke1 cxd4 23. a3 Qh3 24. Rd3 dxc3 25. Rcxc3 Kb8 26. Na5 Rxd3 27. Qxd3 Rd8 28. Qc2
1-0

[Event "Beating the Summer HEAT."]
[Site "SchemingMind.com"]
[Date "2012.10.08"]
[Round "-"]
[White "Till Plewe"]
[Black "John Galvin"]
[Result "1/2-1/2"]
[WhiteCountry "JPN"]
[BlackCountry "USA"]
[WhiteElo "2358"]
[WhiteRD "72"]
[BlackElo "2307"]
[BlackRD "73"]
[GameID "318854"]

1. e4 c5 2. Nf3 d6 3. d4 cxd4 4. Nxd4 Nf6 5. Nc3 a6 6. Be3 e5 7. Nb3 Be7 8. f3 Be6 9. Qd2 O-O 10. O-O-O Nbd7
11. g4 b5 12. g5 Nh5 13. Nd5 Bxd5 14. exd5 f6 15. gxf6 Rxf6 16. Na5 Nf4 17. Nc6 Qf8 18. Kb1 Bd8 19. c4 bxc4 20. Nxd8 Qxd8
21. Rc1 Nb6 22. Bxc4 Nxc4 23. Rxc4 Qf8 24. Bxf4 Rxf4 25. Rxf4 exf4=
1/2-1/2

[Event "Beating the Summer HEAT."]
[Site "SchemingMind.com"]
[Date "2012.10.27"]
[Round "-"]
[White "ray winteringham"]
[Black "Marco_M"]
[Result "0-1"]
[WhiteCountry "ENG"]
[BlackCountry "ITA"]
[WhiteElo "1474"]
[WhiteRD "51"]
[BlackElo "2212"]
[BlackRD "93"]
[GameID "319671"]

1. e4 c5 2. b4 cxb4 3. d4 d5 4. e5 Nc6 5. Bb5 Bd7 6. Nf3 Nxe5 7. Be2 Nxf3+ 8. Bxf3 e6 9. O-O Nf6 10. a3 bxa3
11. Nxa3 Bd6 12. c4 Bc6 13. Qd3 Qc7 14. g3 dxc4 15. Bxc6+ Qxc6 16. Nxc4 Be7 17. Rb1 b6 18. Ne5 Qb7 19. Qb5+ Nd7 20. Rd1 a6
21. Qxd7+ Qxd7 22. Nxd7 Kxd7 23. Rxb6 Rhb8 24. Rb2 Rxb2 25. Bxb2 f6 26. d5 a5 27. f4 a4 28. g4 a3 29. Ba1 exd5 30. Rxd5+ Kc6
31. Rd1 Bd6 32. Rc1+ Kb5 33. Rb1+ Kc4 34. Kf2 Bxf4 35. Rb7 Be5 36. Rxg7 Bxa1
0-1

[Event "Beating the Summer HEAT."]
[Site "SchemingMind.com"]
[Date "2012.10.27"]
[Round "-"]
[White "Marco_M"]
[Black "ray winteringham"]
[Result "1-0"]
[WhiteCountry "ITA"]
[BlackCountry "ENG"]
[WhiteElo "2212"]
[WhiteRD "93"]
[BlackElo "1474"]
[BlackRD "51"]
[GameID "319674"]

1. e4 e5 2. Nf3 Nc6 3. Bb5 f6 4. d4 Bd6 5. O-O a6 6. Bxc6 dxc6 7. dxe5 Be7 8. Qxd8+ Bxd8 9. exf6 Nxf6 10. Nc3 Bg4
11. Ne5 O-O 12. Nxg4 Nxg4 13. f3 Ne5 14. b3 Bf6 15. Bb2 Ng6 16. g3 Rad8 17. Rad1 Bd4+ 18. Kg2 c5 19. Na4 b6 20. f4 Bxb2
21. Nxb2 Ne7 22. Rxd8 Rxd8 23. Rd1 Rxd1 24. Nxd1 Kf7 25. Nc3 c6 26. Na4 b5 27. Nxc5 a5 28. Kf3 Nc8 29. e5 Ke7 30. g4 Nb6
31. f5 Nd5 32. a3 Nc7 33. g5 Nd5 34. h4 Kf7 35. e6+ Ke7 36. Ke4 Kd6 37. Nb7+ Kc7 38. Nxa5 Ne7 39. f6 gxf6 40. gxf6
1-0

[Event "Beating the Summer HEAT."]
[Site "SchemingMind.com"]
[Date "2012.11.10"]
[Round "-"]
[White "Ulrich Klapp"]
[Black "iwegiel"]
[Result "0-1"]
[WhiteCountry "GER"]
[BlackCountry "POL"]
[WhiteElo "1582"]
[WhiteRD "90"]
[BlackElo "2029"]
[BlackRD "112"]
[GameID "320659"]

1. e4 d6 2. Nf3 Nf6 3. d3 e5 4. g3 Be7 5. Bg2 Bg4 6. h3 Be6 7. Nc3 h6 8. Be3 c6 9. O-O Nbd7 10. Re1 Qc7
11. Qe2 O-O 12. Red1 d5 13. exd5 Nxd5 14. Ne4 f5 15. Ned2 f4 16. gxf4 Nxf4 17. Bxf4 Rxf4 18. Qe3 Bf7 19. Ne4 Bg6 20. a4 a5
21. Nfd2 Raf8 22. Nc4 Bxe4 23. dxe4 Rxf2 24. Qb3 Bc5 25. Nd6+ R2f7+ 26. Kh2 Bxd6 27. Bf3 Kh8 28. Bh5 Rf2+
0-1

[Event "Beating the Summer HEAT."]
[Site "SchemingMind.com"]
[Date "2012.11.10"]
[Round "-"]
[White "iwegiel"]
[Black "Ulrich Klapp"]
[Result "1-0"]
[WhiteCountry "POL"]
[BlackCountry "GER"]
[WhiteElo "2088"]
[WhiteRD "114"]
[BlackElo "1584"]
[BlackRD "85"]
[GameID "320662"]

1. d4 Nf6 2. Nf3 d6 3. Nc3 g6 4. e4 Bg7 5. Be3 O-O 6. Qd2 Bg4 7. Ng5 a6 8. f3 Be6 9. h4 Nh5 10. Nxe6 fxe6
11. Bc4 Qd7 12. O-O-O Nc6 13. Bh6 Bxh6 14. Qxh6 d5 15. exd5 Na5 16. dxe6 Qd6 17. Ne4 Qf4+ 18. Qxf4 Nxf4 19. Bf1 Rf5 20. g3 Nxe6
21. d5 Nd8 22. b4 Rxf3 23. bxa5 e6 24. dxe6 Nxe6 25. Bc4 Re8 26. Ng5
1-0

[Event "Beating the Summer HEAT."]
[Site "SchemingMind.com"]
[Date "2012.12.26"]
[Round "-"]
[White "Munny"]
[Black "chesshub"]
[Result "1/2-1/2"]
[WhiteCountry "GER"]
[BlackCountry "FRA"]
[WhiteElo "2251"]
[WhiteRD "87"]
[BlackElo "2501"]
[BlackRD "70"]
[GameID "323852"]

1. e4 c5 2. Nf3 e6 3. d4 cxd4 4. Nxd4 a6 5. Bd3 Bc5 6. Nb3 Be7 7. Qg4 g6 8. Qe2 Nc6 9. O-O d6 10. Nc3 Bd7
11. a4 Na5 12. Nxa5 Qxa5 13. Bd2 Qc7 14. f4 Bc6 15. f5 gxf5 16. exf5 e5 17. b4 Nf6 18. b5 Bd7 19. Rae1 h5 20. Qf3 axb5
21. axb5 Ra3 22. Ne4 Ra4 23. c4 Nxe4 24. Rxe4 Ra3 25. f6 Bf8 26. Ree1 Bg4 27. Qe4 Be6 28. Kh1 Ra2 29. Be3 Rg8 30. Re2 Ra8
31. b6 Qd7 32. Qh7 Rg4 33. Qh8 Qc6 34. Bh6 Kd7 35. Bxf8 Rd4 36. Re3 Rg4 37. Rg3 Rf4 38. Rxf4 exf4 39. Rf3 Ra1+ 40. Rf1 f3
41. Rxa1 fxg2+ 42. Kg1 Qxb6+ 43. Kxg2 Qb2+ 44. Kg3 Qe5+ 45. Kg2 Qb2+ 46. Kg3 Qe5+=
1/2-1/2

[Event "Beating the Summer HEAT."]
[Site "SchemingMind.com"]
[Date "2012.12.26"]
[Round "-"]
[White "chesshub"]
[Black "Munny"]
[Result "1-0"]
[WhiteCountry "FRA"]
[BlackCountry "GER"]
[WhiteElo "2501"]
[WhiteRD "70"]
[BlackElo "2251"]
[BlackRD "87"]
[GameID "323860"]

1. d4 Nf6 2. c4 g6 3. Nc3 Bg7 4. e4 d6 5. Nf3 O-O 6. Be2 e5 7. O-O Nc6 8. d5 Ne7 9. b4 Nh5 10. Re1 f5
11. Ng5 Nf6 12. Bf3 c6 13. Be3 cxd5 14. exd5 e4 15. Be2 Ng4 16. Bd4 Ne5 17. f4 exf3 18. Nxf3 f4 19. Nxe5 dxe5 20. Bf2 Nf5
21. Rc1 a5 22. b5 b6 23. c5 bxc5 24. Bxc5 Nd6 25. Bxd6 Qxd6 26. Ne4 Qb6+ 27. Kh1 Bb7 28. Bg4 Rad8 29. Be6+ Kh8 30. Qb3 h6
31. Nc5
1-0

[Event "Beating the Summer HEAT."]
[Site "SchemingMind.com"]
[Date "2013.01.01"]
[Round "-"]
[White "cnile"]
[Black "Maaren"]
[Result "0-1"]
[WhiteCountry "SCO"]
[BlackCountry "BEL"]
[WhiteElo "1483"]
[WhiteRD "65"]
[BlackElo "2101"]
[BlackRD "97"]
[GameID "323917"]

1. d4 Nf6 2. c4 c5 3. Nc3 cxd4 4. Qxd4 Nc6 5. Qd1 e5 6. e4 Bb4 7. Ne2 Nxe4 8. Bd2 Nxd2 9. Qxd2 O-O 10. Rc1 d6
11. a3 Ba5 12. g3 Be6 13. Bg2 Bxc4 14. O-O Bb3 15. Qe3 d5 16. Nb5 Bc4 17. Nbc3 d4 18. Qe4 f5 19. Qb1 dxc3 20. Nxc3 Bxf1
21. Bxf1 Bxc3 22. Rxc3 Qf6 23. Qd3 Rad8 24. Qc4+ Kh8 25. Bg2 e4 26. b4 Ne5
0-1

[Event "Beating the Summer HEAT."]
[Site "SchemingMind.com"]
[Date "2013.01.01"]
[Round "-"]
[White "Maaren"]
[Black "cnile"]
[Result "1-0"]
[WhiteCountry "BEL"]
[BlackCountry "SCO"]
[WhiteElo "2101"]
[WhiteRD "97"]
[BlackElo "1483"]
[BlackRD "65"]
[GameID "323919"]

1. e4 e6 2. Nf3 c5 3. d4 cxd4 4. c3 dxc3 5. Nxc3 Nc6 6. Bc4 d6 7. O-O Bd7 8. Bf4 Be7 9. Bxd6 Nf6 10. e5 Bxd6
11. Qxd6 Ng4 12. Rad1 Qb6 13. Qxd7+ Kf8 14. Qd6+ Kg8 15. Bxe6 fxe6 16. Qxe6+ Kf8 17. Qxg4 Qxb2 18. Qf5+ Kg8 19. Qe6+ Kf8 20. Rd7 Nd8
21. Qe7+ Kg8 22. Qxg7#
1-0

[Event "Beating the Summer HEAT."]
[Site "SchemingMind.com"]
[Date "2013.02.12"]
[Round "-"]
[White "Marco_M"]
[Black "John Galvin"]
[Result "0-1"]
[WhiteCountry "ITA"]
[BlackCountry "USA"]
[WhiteElo "2162"]
[WhiteRD "103"]
[BlackElo "2350"]
[BlackRD "72"]
[GameID "326669"]

1. e4 c5 2. Nc3 Nc6 3. f4 g6 4. Nf3 Bg7 5. Bb5 Nd4 6. O-O Nxb5 7. Nxb5 d5 8. e5 Nh6 9. d4 cxd4 10. Qxd4 O-O
11. h3 Bf5 12. Qf2 f6 13. Nbd4 fxe5 14. Nxe5 Qc8 15. Qe2 Be4 16. Bd2 Nf7 17. c3 Nxe5 18. fxe5 Rxf1+ 19. Rxf1 Bxe5 20. Bg5 Qd7
21. Qf2 e6 22. Bh6 Bd6 23. Qf6 e5 24. Ne6 Qe7 25. Ng5 Bc5+ 26. Kh1 Bf5 27. Qxe7 Bxe7 28. Nf3 Bf6 29. Re1 Re8 30. Be3 Bd3
31. Bxa7 Ra8 32. Bc5 e4 33. Nd4 Rxa2 34. Ba3 Be5
0-1

[Event "Beating the Summer HEAT."]
[Site "SchemingMind.com"]
[Date "2013.02.12"]
[Round "-"]
[White "John Galvin"]
[Black "Marco_M"]
[Result "1-0"]
[WhiteCountry "USA"]
[BlackCountry "ITA"]
[WhiteElo "2347"]
[WhiteRD "71"]
[BlackElo "2177"]
[BlackRD "101"]
[GameID "326672"]

1. e4 e5 2. Nf3 Nc6 3. Bb5 a6 4. Ba4 Nf6 5. O-O Be7 6. Bxc6 dxc6 7. Qe2 Qd6 8. d3 Nd7 9. Nbd2 Nb6 10. a4 Be6
11. b3 f6 12. a5 Nc8 13. Bb2 c5 14. Nc4 Bxc4 15. dxc4 O-O 16. Rfd1 Qe6 17. Ba3 Bd6 18. Qe3 Qe7 19. Rd5 c6 20. Rd3 Rd8
21. Rad1 b5 22. Bxc5
1-0

[Event "Beating the Summer HEAT."]
[Site "SchemingMind.com"]
[Date "2013.03.09"]
[Round "-"]
[White "iwegiel"]
[Black "Phillip Beckett"]
[Result "1/2-1/2"]
[WhiteCountry "POL"]
[BlackCountry "ENG"]
[WhiteElo "2017"]
[WhiteRD "111"]
[BlackElo "1546"]
[BlackRD "49"]
[GameID "328026"]

1. d4 d5 2. Nf3 Nf6 3. e3 e6 4. Bd3 c5 5. b3 Nc6 6. O-O Bd6 7. Bb2 O-O 8. Nbd2 Bd7 9. Ne5 cxd4 10. exd4 Ne8
11. f4 f5 12. c4 Nf6 13. Ndf3 Ne4 14. a3 Bxe5 15. Nxe5 Nxe5 16. dxe5 Bc6 17. Qe2 dxc4 18. Bxc4 Qe7 19. Bd4 Rad8 20. Rfd1 Kh8
21. Bxa7 Ra8 22. Bb6 Rxa3 23. Rxa3 Qxa3 24. Bxe6 Nc3 25. Qd3 Nxd1 26. Qxd1 Qb4 27. Bc7 Qe4 28. Qd2 Qb1+ 29. Kf2 Qe4 30. Kg1 Qb1+
31. Kf2 Qe4 32. Kg1 Qb1+ 33. Kf2
1/2-1/2

[Event "Beating the Summer HEAT."]
[Site "SchemingMind.com"]
[Date "2013.03.09"]
[Round "-"]
[White "Phillip Beckett"]
[Black "iwegiel"]
[Result "0-1"]
[WhiteCountry "ENG"]
[BlackCountry "POL"]
[WhiteElo "1546"]
[WhiteRD "49"]
[BlackElo "2017"]
[BlackRD "111"]
[GameID "328031"]

1. e4 d6 2. d4 Nf6 3. Nc3 Nbd7 4. Bc4 e5 5. d5 g6 6. Nge2 Bg7 7. O-O O-O 8. f3 Ne8 9. Be3 f5 10. Qd2 f4
11. Bf2 g5 12. g3 Nb6 13. Bb3 Bh3 14. Rfe1 fxg3 15. Bxg3 Rxf3 16. Rad1 h5 17. Nc1 Bh6 18. Qe2 Bg4 19. Rf1 Rxg3+ 20. hxg3 Bxe2
21. N1xe2 Nf6 22. Nc1 Nbd7 23. Rde1 g4 24. Nd3 Bd2 25. Re2 Bxc3 26. bxc3 Nh7 27. Ref2 Qe7 28. Ne1 Ng5 29. Ng2 Nh3+
0-1

[Event "Beating the Summer HEAT."]
[Site "SchemingMind.com"]
[Date "2013.06.04"]
[Round "-"]
[White "chesshub"]
[Black "iwegiel"]
[Result "1-0"]
[WhiteCountry "FRA"]
[BlackCountry "POL"]
[WhiteElo "2506"]
[WhiteRD "75"]
[BlackElo "1992"]
[BlackRD "113"]
[GameID "332515"]

1. d4 d5 2. c4 c6 3. Nf3 Nf6 4. Nc3 a6 5. e3 b5 6. c5 Nbd7 7. a3 a5 8. Qc2 g6 9. e4 dxe4 10. Nxe4 Bg7
11. a4 b4 12. Bc4 O-O 13. O-O Nxe4 14. Qxe4 Nf6 15. Qxc6 Bd7 16. Qb6 Qxb6 17. cxb6 Rab8 18. Re1 e6 19. Re5 Nd5 20. Bxd5 Bxe5
21. Nxe5 Bc8 22. Bf3 Rxb6 23. Bh6 Re8 24. Rc1 Bb7 25. Nc4
1-0

[Event "Beating the Summer HEAT."]
[Site "SchemingMind.com"]
[Date "2013.06.04"]
[Round "-"]
[White "iwegiel"]
[Black "chesshub"]
[Result "0-1"]
[WhiteCountry "POL"]
[BlackCountry "FRA"]
[WhiteElo "1944"]
[WhiteRD "112"]
[BlackElo "2517"]
[BlackRD "76"]
[GameID "332517"]

1. e4 c5 2. Nf3 e6 3. b3 b6 4. Bb2 Bb7 5. Qe2 Nf6 6. e5 Nd5 7. g3 Nc6 8. Bg2 Be7 9. O-O O-O 10. c4 Ndb4
11. d3 d5 12. a3 Na6 13. cxd5 Qxd5 14. Qc2 Qd7 15. Nc3 Rac8 16. Ne4 Rfd8 17. Rfd1 Nd4 18. Nxd4 cxd4 19. Qe2 Nc5 20. Nxc5 bxc5
21. Rab1 Bxg2 22. Kxg2 Rb8 23. Bc1 Rxb3 24. Rxb3 Qd5+ 25. Qf3 Qxb3 26. h4 Rb8 27. h5 Qd5 28. Bf4 Rb3 29. Rc1 Qxf3+ 30. Kxf3 Rxd3+
31. Ke4 Rxa3 32. Rb1 f5+ 33. exf6 gxf6 34. g4 Kf7 35. Rb7 e5
0-1

[Event "Beating the Summer HEAT."]
[Site "SchemingMind.com"]
[Date "2013.06.24"]
[Round "-"]
[White "John Galvin"]
[Black "Maaren"]
[Result "1/2-1/2"]
[WhiteCountry "USA"]
[BlackCountry "BEL"]
[WhiteElo "2302"]
[WhiteRD "68"]
[BlackElo "2158"]
[BlackRD "108"]
[GameID "333609"]

1. e4 c5 2. c3 d5 3. exd5 Qxd5 4. d4 Nc6 5. Nf3 e5 6. dxe5 Qxd1+ 7. Kxd1 Bg4 8. Nd2 O-O-O 9. Ke1 Re8 10. Bb5 Bd7
11. Bxc6 Bxc6 12. Nc4 Bd5 13. b3 f6 14. Be3 Bxc4 15. bxc4 fxe5 16. Rd1 Nf6 17. Ke2 Kc7 18. Rd2 h6 19. Nh4 Ne4 20. Rd3 b5
21. cxb5 c4 22. Rd2 Nxd2 23. Kxd2 Rd8+ 24. Kc2 Rd5 25. Ng6 Rg8 26. Nxf8 Rxf8 27. a4 Kb7=
1/2-1/2

[Event "Beating the Summer HEAT."]
[Site "SchemingMind.com"]
[Date "2013.06.23"]
[Round "-"]
[White "Maaren"]
[Black "John Galvin"]
[Result "1-0"]
[WhiteCountry "BEL"]
[BlackCountry "USA"]
[WhiteElo "2158"]
[WhiteRD "108"]
[BlackElo "2302"]
[BlackRD "68"]
[GameID "333611"]

1. e4 c5 2. Nf3 e6 3. d4 cxd4 4. Nxd4 a6 5. Bd3 Nf6 6. O-O Qc7 7. Nc3 d6 8. f4 Nbd7 9. Qf3 Qb6 10. Be3 Qxb2
11. Nce2 Qa3 12. Nb3 Be7 13. c4 e5 14. f5 O-O 15. g4 h6 16. h4 Nh7 17. Qg3 Nc5 18. Nxc5 dxc5 19. Bc1 Qa5 20. g5 Kh8
21. Kh2 Rg8 22. Rg1 Qd8 23. Nc3 Bd6 24. Nd5 Bd7 25. Qf2 hxg5 26. hxg5
1-0

[Event "Beating the Summer HEAT."]
[Site "SchemingMind.com"]
[Date "2013.09.17"]
[Round "-"]
[White "Maaren"]
[Black "chesshub"]
[Result "0-1"]
[WhiteCountry "BEL"]
[BlackCountry "FRA"]
[WhiteElo "2207"]
[WhiteRD "109"]
[BlackElo "2527"]
[BlackRD "74"]
[GameID "338482"]

1. e4 c5 2. Nf3 e6 3. d3 d5 4. Nbd2 Nc6 5. g3 Bd6 6. Bg2 Nge7 7. O-O O-O 8. Nh4 b6 9. f4 dxe4 10. dxe4 Ba6
11. Re1 Bc7 12. c3 Qd7 13. e5 Rad8 14. Qh5 Qe8 15. Qf3 Nd5 16. Ne4 Nce7 17. b3 Nf5 18. Nxf5 exf5 19. Nf2 Bc8 20. Bb2 b5
21. a4 a6 22. axb5 axb5 23. Red1 Be6 24. Qe2 h6 25. Rd2 Nb6 26. Ra7 Rxd2 27. Qxd2 Qb8 28. Rb7 Qc8 29. Qd3 c4 30. Qd4 cxb3
31. Rxb6 Rd8 32. Rd6 Bxd6 33. exd6 Bc4 34. Qb6 Re8 35. Bb7 Re1+ 36. Kg2 Bf1+ 37. Kf3 Qe6
0-1

[Event "Beating the Summer HEAT."]
[Site "SchemingMind.com"]
[Date "2013.09.17"]
[Round "-"]
[White "chesshub"]
[Black "Maaren"]
[Result "1-0"]
[WhiteCountry "FRA"]
[BlackCountry "BEL"]
[WhiteElo "2527"]
[WhiteRD "74"]
[BlackElo "2207"]
[BlackRD "109"]
[GameID "338485"]

1. e4 c5 2. Nf3 e6 3. d4 cxd4 4. Nxd4 a6 5. Bd3 Qc7 6. O-O Nf6 7. Qe2 d6 8. c4 Be7 9. Nc3 O-O 10. f4 Nbd7
11. Kh1 b6 12. Bd2 Bb7 13. Rae1 Rad8 14. Nf3 Rfe8 15. e5 dxe5 16. fxe5 Ng4 17. Bf4 Nc5 18. Bc2 f5 19. a3 Kh8 20. h3 Nh6
21. b4 Nd7 22. Nd4 Nf8 23. Rd1 Nf7 24. Bh2 Bg5 25. Bb3 Bh6 26. Ba4 Re7 27. Nd5 exd5 28. Nxf5 Re6 29. cxd5 Bxd5 30. Nxh6 gxh6
31. Qf2
1-0